000 00705nam a22002655a 4500
001 14926447
003 OSt
005 20140310181633.0
008 070713s2007 mau 000 0 eng
010 _a 2007932910
020 _a1424007879
040 _aDLC
_cDLC
050 _aPE 1628
_b.C712 2008
082 _aREF 423
_bC69 2008
245 0 0 _aCollins cobuild school dictionary of american english /
260 _aBoston, MA :
_bThomson ELT,
_cc2008.
300 _a1134 p.
_bcol. : ill. ;
_c19 cm.
521 _a
526 _c1000L to 1700L
541 _j1
562 _e1
906 _a0
_bibc
_corignew
_d2
_eepcn
_f20
_gy-gencatlg
942 _2lcc
_cBK-GR
_kREF
999 _c603
_d603